000 00662cam a22002413a 4500
001 9964
003 PGUSA
005 20140828083218.0
008 060201s2006||||xxu|||||s|||||000 1 eng d
040 _aPGUSA
_beng
042 _adc
050 4 _aPR
100 1 _aBlackwood, Algernon,
_d1869-1951
245 1 4 _aThe Centaur
_h[electronic resource] /
_cAlgernon Blackwood
260 _bProject Gutenberg,
_c2006
506 _aPublic domain in the USA.
516 _aElectronic text
653 _aSupernatural -- Fiction
653 _aParanormal fiction
830 0 _aProject Gutenberg
_v9964
856 4 0 _uhttp://www.gutenberg.org/ebooks/9964
942 _cEB
999 _c239220
_d239220